000 00342nam a2200145Ia 4500
100 _aSchildt/ Herbert
942 _cBK
654 _aC:the complete reference
245 _aC:The complete reference 3rd Ed
260 _bOsborne Mc graw Hill
_aBerkeley
_c1995
082 _a005.13 C
_bSCH
300 _a839
546 _aENGLISH
999 _c26462
_d26462